LEADER 01770nam2-2200469---450- 001 990002912990203316 005 20090910143247.0 010 $a88-8147-389-5 035 $a000291299 035 $aUSA01000291299 035 $a(ALEPH)000291299USA01 035 $a000291299 100 $a20070427d2005----km-y0itay50------ba 101 $aita$afre$aeng 102 $aIT 105 $a||||||||001yy 200 1 $a<< 1/2004>> : Oriente e Occidente : metodi e discipline a confronto$eriflessioni sulla cronologia dell'Etā del ferro in Italia$eatti dell'incontro di studi Roma, 30-31 ottobre 2003$fa cura di Gilda Bartoloni e Filippo Delpino 210 $aPisa$aRoma$cIstituti editoriali e poligrafici internazionali$d2005 215 $a663 p.$cill.$d31 cm 461 1$1001000291298$12001 606 0 $aCiviltā del ferro$yItalia$xAtti di congressi 676 $a937.01 702 1$aDELPINO,$bFilippo 702 1$aBARTOLONI,$bGilda 801 0$aIT$bsalbc$gISBD 912 $a990002912990203316 951 $aXI.1 Coll. 3/ 29$b194457 L.M.$cXI.1 Coll. 3/$d00122536 951 $aXI.1 Coll. 3/ 29a$b217897 L.M.$cXI.1 Coll. 3/$d00228245 959 $aBK 969 $aUMA 979 $aVITALE$b90$c20070427$lUSA01$h1638 979 $aVITALE$b90$c20070427$lUSA01$h1640 979 $aVITALE$b90$c20070427$lUSA01$h1641 979 $aPAOLA$b90$c20090909$lUSA01$h1711 979 $aPAOLA$b90$c20090909$lUSA01$h1712 979 $aPAOLA$b90$c20090909$lUSA01$h1714 979 $aPATRY$b90$c20090910$lUSA01$h1354 979 $aPATRY$b90$c20090910$lUSA01$h1356 979 $aPATRY$b90$c20090910$lUSA01$h1432 979 $aPATRY$b90$c20090910$lUSA01$h1432 996 $a1/2004 : Oriente e Occidente : metodi e discipline a confronto$9988588 997 $aUNISA LEADER 00928nam0-22003011i-450 001 990005612530403321 005 20170928121924.0 035 $a000561253 100 $a19990530d1982----km-y0itay50------ba 101 0 $aita 102 $aIT 105 $af-------00--- 200 1 $aAspetti della vita e dell'arte di Salvator Rosa$fLucio Festa 210 $aNapoli$cSocietā napoletana di Storia Patria$d1982 215 $aP. 102-123, 6 tav.$d24 cm 300 $aEstratto dall'Archivio Storico per le Province Napoletane Terza Serie, Vol. XXI (1982) 610 0 $aPittura 610 0 $aBIOGRAFIA 676 $a750$v21$zita 676 $a920$v21$zita 700 1$aFesta,$bLucio$0212264 801 0$aIT$bUNINA$gRICA$2UNIMARC 901 $aBK 912 $a990005612530403321 952 $a920 ROSA 1$bBIBL. [s.i.]$fFLFBC 959 $aFLFBC 996 $aAspetti della vita e dell'arte di Salvator Rosa$9603292 997 $aUNINA LEADER 01458nam2-2200397li-450 001 990000231290203316 005 20180312154704.0 010 $a0-8247-7613-5 035 $a0023129 035 $aUSA010023129 035 $a(ALEPH)000023129USA01 035 $a0023129 100 $a2001998101986-------y0itay0103----ba 101 0 $aeng 102 $aUS 200 1 $a<> unified theory of nonlinear opeartor and evolution equations with applications$ea new approach to nonlinear partial differential equations$fMieczyslaw Altman 210 $aNew York$cMarcel Dekker$dcopyr. 1986 215 $aXIV, 292 p.$cill.$d23 cm 225 2 $aa series of monographs and textbooks$v103 410 0$10010023065$12001$aa series of monographs and textbooks$vPure and applied mathematics 610 1 $aequazioni non lineari 610 1 $aoperatori non lineari 676 $a5157$9Analisi funzionale 700 1$aAltmann,$bMieczyslaw$0746170 801 $aSistema bibliotecario di Ateneo dell' Universitā di Salerno$gRICA 912 $a990000231290203316 951 $a515 PAMD (103)$b22465/CBS$c515$d00219695 959 $aBK 969 $aSCI 979 $c19981001 979 $c20001110$lUSA01$h1714 979 $c20020403$lUSA01$h1631 979 $aPATRY$b90$c20040406$lUSA01$h1617 979 $aRSIAV7$b90$c20090513$lUSA01$h1026 996 $aUnified theory of nonlinear opeartor and evolution equations with applications$91489086 997 $aUNISA